000 nam a22 7a 4500
999 _c17772
_d17770
003 OSt
005 20211123094540.0
008 211123b xxu||||| |||| 00| 0 eng d
020 _a000000
040 _cDDC
082 _a841
100 _4Gibson, Robert
245 _aModern French poets and poetry: an anthology arranged and annotation by Robert Gibson/
_cRobert Gibson
260 _aLondon:
_bCambridge University Press,
_c1961.
300 _axv, 292 p
_c24 cm.
942 _2ddc
_cCIRC